000 06379cam a22014774i 4500
003 PE-LiUPU
005 20250813185526.0
008 150625s2007 pe a r 001 0 spa d
020 _a9972293971
020 _a9789972293979
035 _a(Sirsi) a38200
040 _aPE-LiUPU
_bspa
_cPE-LiUPU
_dPE-LiUPU
_erda
082 0 4 _a376.5
_bP62
_221
100 1 _aPiscoya Hermoza, Luis,
_eautor.
245 1 0 _aRanking universitario en el Perú :
_bestudio piloto /
_cLuis Piscoya Hermoza.
264 1 _aLima :
_bTalleres gráficos Diseños & Impresiones,
_c2007.
300 _a226 páginas :
_bilustraciones ;
_c28 centímetros
336 _atext
_2rdacontent
337 _aunmediated
_2rdamedia
338 _avolume
_2rdacarrier
504 _aÍndice: página 9-10.
505 0 _aPropuestas metodológicas para la elaboración de rankings universitarios en el Perú y en América Latina -- Reajustes de la propuesta metodológica -- Hipótesis, levantamiento de información y construcción de rankings.
526 _aP202
526 _aP201
526 _aP163
526 _aP162
526 _aP161
526 _aP160
526 _aP148
526 _aP147
526 _aP146
526 _aP145
526 _aP144
526 _aP143
526 _aP142
526 _aP141
526 _aP140
526 _aP139
526 _aP138
526 _aP137
526 _aP136
526 _aP135
526 _aP134
526 _aP133
526 _aP129
526 _aP128
526 _aP127
526 _aP120
526 _aP119
526 _aP118
526 _aP116
526 _aP115
526 _aP114
526 _aP110
526 _aP109
526 _aP108
526 _aP104
526 _aP103
526 _aP102
526 _aP99
526 _aP98
526 _aP97
526 _aP96
526 _aP95
526 _aP93
526 _aP90
526 _aP89
526 _aP88
526 _aP83
526 _aP82
526 _aP62
526 _aP59
526 _aP58
526 _aP57
526 _aP51
526 _aP49
526 _aP48
526 _aP47
526 _aP29
526 _aP24
526 _aP20
526 _aP19
526 _aP17
526 _aP15
526 _aP14
526 _aP12
526 _aP10
526 _aP09
526 _aP08
526 _aP07
526 _aP06
526 _aP05
526 _aP04
526 _aP01
650 0 4 _aEducación.
910 _bjv
_cng
_d20070816
910 _ctqv
_d20160911
910 _adbm
_brrch
_crrch
_d20191029
942 _2ddc
_cBOOK
949 _a376.5 P62
_wDEWEY
_c1
_i57394
_lCCODEBUL1
_mBUL
_p15.00
_r0
_sY
_tBOOK
_u2015-06-25
_xBIBLIOTECA
_zUNKNOWN
_0COMPRA
_o.STAFF. Colección General
949 _a376.5 P62
_wDEWEY
_c2
_i57393
_lCCODEBUL1
_mBUL
_p15.00
_r0
_sY
_tBOOK
_u2015-06-25
_xBIBLIOTECA
_zUNKNOWN
_0COMPRA
_o.STAFF. Colección General
949 _a376.5 P62 2007
_wDEWEY
_c1
_iFJ09723
_lCCODEBUJ1
_mBUJ
_p15.00
_r0
_sY
_tBOOK
_u2016-11-09
_xEDUCACIÓN
_PP20
_0COMPRA
_o.STAFF. Colección General Juliaca
949 _a376.5 P62 2007
_wDEWEY
_c2
_iFJ05212
_lCCODEBUJ1
_mBUJ
_p15.00
_r0
_sY
_tBOOK
_u2016-11-09
_xEDUCACIÓN
_PP20
_0COMPRA
_o.STAFF. Colección General Juliaca
949 _a376.5 P62 2007
_wDEWEY
_c3
_iFJ05213
_lCCODEBUJ1
_mBUJ
_p15.00
_r0
_sY
_tBOOK
_u2016-11-09
_xEDUCACIÓN
_PP20
_0COMPRA
_o.STAFF. Colección General Juliaca
949 _a376.5 P62 2007
_wDEWEY
_c4
_iFJ05214
_lCCODEBUJ1
_mBUJ
_p15.00
_r0
_sY
_tBOOK
_u2016-11-09
_xEDUCACIÓN
_PP20
_0COMPRA
_o.STAFF. Colección General Juliaca
949 _a376.5 P62 2007
_wDEWEY
_c5
_iFJ05215
_lCCODEBUJ1
_mBUJ
_p15.00
_r0
_sY
_tBOOK
_u2016-11-09
_xEDUCACIÓN
_PP20
_0COMPRA
_o.STAFF. Colección General Juliaca
949 _a376.5 P62 2007
_wDEWEY
_c6
_iFJ05216
_lCCODEBUJ1
_mBUJ
_p15.00
_r0
_sY
_tBOOK
_u2016-11-09
_xEDUCACIÓN
_PP20
_0COMPRA
_o.STAFF. Colección General Juliaca
949 _a376.5 P62 2007
_wDEWEY
_c7
_iFJ05217
_lCCODEBUJ1
_mBUJ
_p15.00
_r0
_sY
_tBOOK
_u2016-11-09
_xEDUCACIÓN
_PP20
_0COMPRA
_o.STAFF. Colección General Juliaca
949 _a376.5 P62 2007
_wDEWEY
_c8
_iFJ01545
_lCCODEBUJ1
_mBUJ
_p15.00
_r0
_sY
_tBOOK
_u2016-11-09
_xEDUCACIÓN
_PP20
_0COMPRA
_o.STAFF. Colección General Juliaca
596 _a1 3
999 _a376.5 P62
_wDEWEY
_c46459
_i57394
_d46459
_e2019-5-2
_f2021-11-8
_g5
_lCCODEBUL1
_mBUL
_n3
_p15.00
_q1
_r0
_sY
_tBOOK
_u2015-6-25
_xEDUCACION
_zUNKNOWN
_0COMPRA
_o.STAFF. Colección General
999 _a376.5 P62
_wDEWEY
_c2
_i57393
_f2022-6-6
_g4
_lCCODEBUL1
_mBUL
_p15.00
_r0
_sY
_tBOOK
_u2015-6-25
_xEDUCACION
_zUNKNOWN
_0COMPRA
_o.STAFF. Colección Ciencias Humanas y Educación
999 _a376.5 P62 2007
_wDEWEY
_c1
_iFJ09723
_d2017-12-1
_e2017-11-29
_f2022-1-18
_g3
_lCCODEBUJ1
_mBUJ
_n6
_p15.00
_q2
_r0
_sY
_tBOOK
_u2016-11-9
_xEDUCACION
_PP20
_0COMPRA
_o.STAFF. Colección General Juliaca
999 _a376.5 P62 2007
_wDEWEY
_c2
_iFJ05212
_f2022-1-18
_g3
_lCCODEBUJ1
_mBUJ
_p15.00
_r0
_sY
_tBOOK
_u2017-1-11
_xEDUCACION
_PP20
_0COMPRA
_o.STAFF. Colección General Juliaca
999 _a376.5 P62 2007
_wDEWEY
_c3
_iFJ05213
_f2022-1-18
_g3
_lCCODEBUJ1
_mBUJ
_p15.00
_r0
_sY
_tBOOK
_u2017-1-11
_xEDUCACION
_PP20
_0COMPRA
_o.STAFF. Colección General Juliaca
999 _a376.5 P62 2007
_wDEWEY
_c4
_iFJ05214
_f2022-1-18
_g3
_lCCODEBUJ1
_mBUJ
_p15.00
_r0
_sY
_tBOOK
_u2017-1-11
_xEDUCACION
_PP20
_0COMPRA
_o.STAFF. Colección General Juliaca
999 _a376.5 P62 2007
_wDEWEY
_c5
_iFJ05215
_f2022-1-18
_g3
_lCCODEBUJ1
_mBUJ
_p15.00
_r0
_sY
_tBOOK
_u2017-1-11
_xEDUCACION
_PP20
_0COMPRA
_o.STAFF. Colección General Juliaca
999 _a376.5 P62 2007
_wDEWEY
_c6
_iFJ05216
_f2022-1-18
_g3
_lCCODEBUJ1
_mBUJ
_p15.00
_r0
_sY
_tBOOK
_u2017-1-11
_xEDUCACION
_PP20
_0COMPRA
_o.STAFF. Colección General Juliaca
999 _a376.5 P62 2007
_wDEWEY
_c7
_iFJ05217
_f2022-1-18
_g2
_lCCODEBUJ1
_mBUJ
_p15.00
_r0
_sY
_tBOOK
_u2017-1-11
_xEDUCACION
_PP20
_0COMPRA
_o.STAFF. Colección General Juliaca
999 _a376.5 P62 2007
_wDEWEY
_c8
_iFJ01545
_f2022-1-18
_g2
_lCCODEBUJ1
_mBUJ
_p15.00
_r0
_sY
_tBOOK
_u2018-12-20
_xEDUCACION
_PP20
_0COMPRA
_o.STAFF. Colección General Juliaca
980 _81
_gALBERTO SANCHEZ Responsable de Automatización